000 00497nam a2200181Ia 4500
999 _c14360
_d14360
003 OSt
005 20201102105545.0
008 190216s9999||||xx |||||||||||||| ||und||
020 _a0140240659
040 _coclc
082 _a823.914
_bBON/S
100 1 _aBond, Ruskin
_92056
245 0 _aStrangers In The Night /
_cRuskin Bond
260 _bPenguin Books,
_aLondon:
_c1996.
300 _a143p
650 _aEnglish
942 _cBK
_2ddc
_h823.914
_iBON/S
_k823.914
_mBON/S